000 00452nam a2200169Ia 4500
008 240729s9999 xx 000 0 und d
022 _a2410-390X
245 0 _aInstruments
260 _aSwitzerland
260 _bMDPI AG
650 _a Nuclear and particle physics. Atomic energy. Radioactivity
650 _a Physics
650 _aScience
856 _uhttps://doaj.org/toc/193ffc77a62345e79d39d4e5ef663d79
942 _2ddc
942 _cDOAJEJ
999 _c73947
_d73947
945 _a1
_bMadushi Gamage
_c1
_dMadushi Gamage